000 00390cam a2200157ua 4500
041 _ahin
_h
082 _a891.54
_bGAN/HA
100 _aGandhiji, .
245 _aHamare gaon ka punarnirman /
_cGandhiji.
_hTextual Documents
250 _a1 /
_b.
260 _aAhmadabad :
_bNavajivan publishing house ,
_c1958.
300 _a128 ; .
504 _a
942 _cBK
999 _c8150
_d8150